000 00972nas a2200301 4500
001 BR0001031
003 BR-BrBNA
005 20231205101711.0
007 ta
008 230509b bl.|||p| |||| 00| 00por d
040 _aBR-BrBNA
_bpor
_cBiblioteca Nacional de Agricultura
041 _a(Pt)
072 _aM12
100 1 _aSouza, R.A.L. de
100 1 _aCastro Filho, B.O. de
100 1 _aRodrigues, M. de J.J.
100 1 _aPeret, A.C.
100 1 _aTeixeira, R.N.G.
245 1 _aCrescimento do tambaqui, Colossoma macropomum, (Cuvier, 1818)(Pisces - Characidae)em cativeiro, utilizando raspa de mandioca como alimento
650 _aTambaqui
650 _aMandioca
650 _aRaspa
650 _aPiscicultura
650 _aNutricao Animal
773 0 _tBoletim da Faculdade de Ciencias Agrarias do Para (Brazil)
_xISSN 0100-2694
_g(Jan-Jun 1998), (no. 29) p. 23-31
_wBR0001031
909 _a202311
_bLúcia
_c55
_dLúcia Elande
942 _2AGRIS
_n0
_cANA
999 _c163360
_d163360